000 01004nam a2200253Ia 4500
003 OSt
005 20220918110808.0
006 a|||||r|||| 00| 0
007 ta
008 220915b |||||||| |||| 00| 0 hin d
020 _a9788190489607 (hbk)
_c300
024 _a246389
037 _b456, 24/03/2008, Swaraj Prakashan
_cReference Collections
040 _aARTS
_cARTS
_bhin
041 _2hin
_ahin
082 _aEk, 152P8 (RR)
100 _aसेनगुप्त, रमोला
_91695
245 0 _aप्रायोगिक रसायन कोश
_b अर्थ एवं परिभाषा
246 _aPrāyogik rasāyan kosha: artha evan paribhāṣhā
260 _aदिल्ली
_bविज्ञान शिक्षण केन्द्र भारत
_c2008
300 _a240पृ0
942 _hEk, 152P8 (RR)
_cREF
999 _c114803
_d114803